000 00744nam a2200253 i 4500
001 34644
003 ES-MaACL
005 20230906154954.0
007 t|
008 030207s1983 sp ||||1| spa d
020 _a84-376-0106-1
100 1 _aBlunt, Anthony.
_929603
245 1 0 _aArte y arquitectura en Francia, 1500-1700 /
_cAnthony Blunt ; versión española de Fernando Toda.
250 _a2ª ed.
260 _aMadrid :
_bCátedra,
_c[1983]
300 _a479 p. :
_bil. ;
_c21 cm.
490 1 _aManuales arte Cátedra
500 _aIndice.
504 _aBibliografía.
700 1 _aToda, Fernando.
_9110394
830 0 _aManuales arte Cátedra
_9179258
852 _aES-MaACL
_jL-10078
_bR.112152
999 _c34644
_d34644